US States bordering each States - Statistics

General Stats
  • This quiz has been taken 37 times
    17 since last reset
  • The average score is 13 of 15
Answer Stats
Bordering States State % Correct
Tennessee, Georgia, Florida,Mississippi. Alabama
100%
Oregon, Nevada, Arizona. California
100%
New York, Massachusetts,Rhode Island. Connecticut
100%
Maryland, Pennsylvania, New Jersey. Delaware
100%
Georgia, Alabama. Florida
100%
Montana, Wyoming, Utah, Nevada, Oregon, Washington. Idaho
100%
Wisconsin, Iowa, Missouri, Kentucky, Indiana. Illinois
100%
Michigan, Ohio, Kentucky, Illinois. Indiana
100%
Nebraska, Missouri, Oklahoma, Colorado Kansas
100%
Arkansas, Mississippi,Texas. Louisiana
100%
New Hampshire. Maine
100%
Pennsylvania, Delaware,
Virginia, West Viriginia.
Maryland
100%
Ohio, Indiana, Wisconsin. Michigan
100%
North Dakota, South Dakota, Iowa, Wisconsin. Minnesota
100%
Iowa, Nebraska, Kansas,Oklahoma, Arkansas, Tennessee, Kentucky, Illinois. Missouri
100%
North Dakota, South Dakota,Wyoming, Idaho. Montana
100%
Vermont, Maine, Massachusetts. New Hampshire
100%
New York, Pennsylvania, Delaware. New Jersey
100%
Colorado, Oklahoma, Texas, Arizona. New Mexico
100%
Vermont, Massachusetts,Connecticut, New Jersey, Pennsylvania. New York
100%
Montana, South Dakota, Minnesota. North Dakota
100%
Michigan, Indiana, Kentucky, West Virginia, Pennsylvania. Ohio
100%
Washington, Idaho,California, Nevada. Oregon
100%
New York, New Jersey, Delaware, Maryland, West Virginia, Ohio. Pennsylvania
100%
Connecticut, Massachusetts. Rhode Island
100%
North Dakota, Minnesota, Iowa, Nebraska, Wyoming, Montana. South Dakota
100%
New Mexico, Oklahoma,Arkansas, Louisiana. Texas
100%
Idaho, Wyoming, Colorado,New Mexico, Arizona, Nevada. Utah
100%
Maryland, West Virginia, Kentucky, Tennessee, North Carolina. Virginia
100%
Oregon, Idaho. Washington
100%
Minnesota, Iowa, Illinois, Michigan. Wisconsin
100%
Montana, South Dakota, Nebraska, Colorado, Utah, Idaho. Wyoming
100%
Oregon, Idaho, Utah, Arizona, California. Nevada
86%
Vermont, New Hampshire, New York, Connecticut, Rhode Island. Massachusetts
75%
South Dakota, Iowa, Missouri, Kansas, Colorado, Wyoming. Nebraska
75%
Kansas, Missouri, Arkansas, Texas, Colorado, New Mexico. Oklahoma
75%
New York, New Hampshire, Massachusetts. Vermont
75%
Pennsylvania, Maryland,Virginia, Kentucky, Ohio. West Virginia
71%
California, Nevada, Utah, Colorado, New Mexico. Arizona
67%
Missouri, Tennessee, Mississippi, Louisiana, Texas, Oklahoma. Arkansas
67%
Tennessee, North Carolina, South Carolina, Florida, Alabama. Georgia
67%
Tennessee, Alabama, Louisiana, Arkansas. Mississippi
67%
Kentucky, Virginia, North Carolina, Georgia, Alabama, Mississippi, Arkansas, Missouri. Tennessee
67%
Wyoming, Nebraska, Kansas, Oklahoma, New Mexico, Utah. Colorado
50%
Minnesota, Wisconsin, Illinois, Missouri, Nebraska, South Dakota Iowa
50%
Illinois, Indiana,West Virginia, Virginia, Tennessee, Missouri. Kentucky
0%
Virginia, South Carolina, Georgia, Tennessee. North Carolina
0%
North Carolina, Georgia. South Carolina
0%
No matching quizzes found
Score Distribution
Percent of People with Each Score
Percentile by Number Answered
Your Score History
You have not taken this quiz since the last reset